[Event "Tuimazy-ch U18"]
[Site "Tuimazy"]
[Date "2016.03.13"]
[Round "9"]
[White "Makhmutov, Azamat"]
[Black "Gabdrakhmanov, Kamil"]
[Result "1/2-1/2"]
[WhiteElo "1404"]
[BlackElo "1356"]
[PlyCount "106"]
[EventDate "2016.03.09"]
[EventType "swiss"]
[EventRounds "9"]
[EventCountry "RUS"]
[SourceTitle "EXT 2022"]
[Source "ChessBase"]
[SourceDate "2021.10.06"]
[SourceVersion "1"]
[SourceVersionDate "2021.10.06"]
[SourceQuality "1"]

1. d4 d5 2. c4 c6 3. cxd5 cxd5 4. Nc3 Nc6 5. Nf3 Nf6 6. Bg5 e6 7. e3 Be7 8. Bd3 0-0 9. 0-0 b6 10. Rc1 Bb7 11. Bb5 Rc8 12. Qa4 Na5 13. Ne5 a6 14. Be2 b5 15. Qd1 Nd7 16. Bxe7 Qxe7 17. Nxd7 Qxd7 18. b3 Bc6 19. Bd3 b4 20. Ne2 Bb5 21. Qd2 Bxd3 22. Qxd3 Qb7 23. h3 Qb6 24. Rc2 Rc6 25. Rxc6 Qxc6 26. Rc1 Qb6 27. Qc2 g6 28. Qc5 Rb8 29. Qxb6 Rxb6 30. Rc8+ Kg7 31. Nc1 Rc6 32. Rxc6 Nxc6 33. Nd3 a5 34. Nc5 Na7 35. Nb7 Nb5 36. Nxa5 Nc3 37. Nc6 Nxa2 38. Kf1 Nc1 39. Nxb4 Nxb3 40. Ke2 Na5 41. f3 Kf6 42. e4 dxe4 43. fxe4 Nb7 44. Ke3 h6 45. h4 Ke7 46. Nc6+ Kd6 47. Ne5 Ke7 48. Ng4 h5 49. Ne5 Nd6 50. Nc6+ Kd7 51. Ne5+ Ke7 52. Nc6+ Kd7 53. Ne5+ Ke7 1/2-1/2

[Event "Tuimazy-ch U18"]
[Site "Tuimazy"]
[Date "2016.03.12"]
[Round "7"]
[White "Evstafyev, Georgy"]
[Black "Gabdrakhmanov, Kamil"]
[Result "1-0"]
[WhiteElo "1230"]
[BlackElo "1356"]
[PlyCount "73"]
[EventDate "2016.03.09"]
[EventType "swiss"]
[EventRounds "9"]
[EventCountry "RUS"]
[SourceTitle "EXT 2022"]
[Source "ChessBase"]
[SourceDate "2021.10.06"]
[SourceVersion "1"]
[SourceVersionDate "2021.10.06"]
[SourceQuality "1"]

1. e4 c6 2. d4 d5 3. Nc3 dxe4 4. Nxe4 Nd7 5. Bc4 Ngf6 6. Ng5 e6 7. Qe2 Nb6 8. Bb3 Be7 9. N1f3 0-0 10. 0-0 Bd6 11. c4 Bc7 12. Qd3 g6 13. Re1 Bd7 14. Be3 Kg7 15. Qc3 h6 16. Nh3 g5 17. Qd2 Nh7 18. Bc2 f5 19. Ne5 Bxe5 20. dxe5 Nxc4 21. Qc1 Nxe5 22. Bd4 Kg8 23. Bxe5 c5 24. Rd1 Rf7 25. f4 g4 26. Nf2 Qh4 27. g3 Qd8 28. Rd3 Qe7 29. Qd2 b6 30. Rd1 Bc6 31. Rd8+ Rf8 32. Rxf8+ Nxf8 33. Bd6 Qf6 34. Bxf8 Rxf8 35. Qc3 Qe7 36. Qe5 Bd5 37. Rxd5 1-0

[Event "Tuimazy-ch"]
[Site "Tuimazy"]
[Date "2016.02.07"]
[Round "11"]
[White "Gabdrakhmanov, Kamil"]
[Black "Tazetdinov, Munir"]
[Result "0-1"]
[WhiteElo "1362"]
[BlackElo "1757"]
[PlyCount "102"]
[EventDate "2016.01.19"]
[EventType "tourn"]
[EventRounds "13"]
[EventCountry "RUS"]
[SourceTitle "CBM 170 Extra"]
[Source "ChessBase"]
[SourceDate "2016.02.25"]
[SourceVersion "1"]
[SourceVersionDate "2016.02.25"]
[SourceQuality "1"]

1. e4 c5 2. Nf3 d6 3. d4 cxd4 4. Nxd4 Nf6 5. Nc3 Nc6 6. Bb5 Bd7 7. Be3 a6 8. Nxc6 bxc6 9. Bc4 g6 10. f3 Bg7 11. 0-0 0-0 12. Bb3 Qa5 13. Qd2 Rfe8 14. Bh6 Bh8 15. Be3 Rab8 16. Ne2 Qc7 17. Rab1 Red8 18. Rfd1 a5 19. Nc3 Ne8 20. Bd4 Bxd4+ 21. Qxd4 e5 22. Qd2 Kg7 23. Rf1 Be6 24. Rbd1 Nf6 25. Rfe1 Nh5 26. Qe3 Nf4 27. Ne2 Bxb3 28. axb3 Ne6 29. Qc3 f6 30. Ra1 Rb5 31. Qd2 d5 32. Nc3 Rb4 33. exd5 cxd5 34. Red1 d4 35. Ne4 Qb6 36. Kh1 h6 37. h3 Nf4 38. Nf2 Nd5 39. Nd3 Rb5 40. Rdc1 Rc8 41. c4 dxc3 42. bxc3 Rxb3 43. c4 Ne7 44. Rxa5 Rxd3 45. Qxd3 Qxa5 46. Qd7 Qc7 47. Qb5 Qc5 48. Qb7 Rc7 49. Qa6 g5 50. Qa2 Nf5 51. Qe2 Ng3+ 0-1

[Event "Tuimazy-ch"]
[Site "Tuimazy"]
[Date "2016.02.04"]
[Round "9"]
[White "Gabdrakhmanov, Kamil"]
[Black "Zemlyanov, Nikita Anatolievich"]
[Result "0-1"]
[WhiteElo "1362"]
[BlackElo "2069"]
[PlyCount "98"]
[EventDate "2016.01.19"]
[EventType "tourn"]
[EventRounds "13"]
[EventCountry "RUS"]
[SourceTitle "CBM 170 Extra"]
[Source "ChessBase"]
[SourceDate "2016.02.25"]
[SourceVersion "1"]
[SourceVersionDate "2016.02.25"]
[SourceQuality "1"]

1. e4 c5 2. Nf3 Nc6 3. d4 cxd4 4. Nxd4 g6 5. Nc3 Bg7 6. Be3 Nf6 7. Bc4 0-0 8. f3 Qb6 9. Bb3 Nxe4 10. Nxe4 Bxd4 11. Bxd4 Qxd4 12. Qxd4 Nxd4 13. 0-0-0 Nc6 14. Rhe1 d6 15. Ng5 h6 16. Ne4 Be6 17. Ng3 Bxb3 18. axb3 f5 19. Re6 Kf7 20. Rde1 Ne5 21. R6xe5 dxe5 22. Rxe5 Kf6 23. Re1 e5 24. Ne2 Rfd8 25. Nc3 a6 26. g3 Rd6 27. g4 Rad8 28. Re2 b5 29. Re1 b4 30. Nd1 Rd2 31. Rh1 Re2 32. gxf5 gxf5 33. h4 Rg8 34. c3 a5 35. h5 Rg3 36. Rf1 Rgg2 37. Rh1 bxc3 38. bxc3 f4 39. c4 Ra2 40. Kb1 Ra3 41. c5 Rxb3+ 42. Kc1 Rb5 43. c6 Rc5+ 44. Kb1 Rxc6 45. Re1 Rb6+ 46. Ka1 Rb3 47. Re4 Rxf3 48. Nb2 Ra3+ 49. Kb1 Rb3 0-1

[Event "Tuimazy-ch"]
[Site "Tuimazy"]
[Date "2016.01.23"]
[Round "3"]
[White "Gabdrakhmanov, Kamil"]
[Black "Gafarov, Damir"]
[Result "0-1"]
[WhiteElo "1364"]
[BlackElo "1810"]
[PlyCount "60"]
[EventDate "2016.01.19"]
[EventType "tourn"]
[EventRounds "13"]
[EventCountry "RUS"]
[SourceTitle "CBM 170 Extra"]
[Source "ChessBase"]
[SourceDate "2016.02.25"]
[SourceVersion "1"]
[SourceVersionDate "2016.02.25"]
[SourceQuality "1"]

1. d4 Nf6 2. Bf4 g6 3. e3 Bg7 4. Bd3 d6 5. c4 Nbd7 6. Nf3 0-0 7. Nc3 Re8 8. 0-0 e5 9. Bg5 h6 10. Bxf6 Nxf6 11. Qc2 Qe7 12. dxe5 dxe5 13. Nd2 c6 14. Nde4 Nxe4 15. Nxe4 f5 16. Nc3 e4 17. Be2 Be6 18. f3 exf3 19. Rxf3 Bf7 20. Bd3 Rad8 21. b3 Qe5 22. Rc1 Re7 23. e4 f4 24. Ne2 g5 25. g3 Bh5 26. gxf4 gxf4 27. Rf2 Bxe2 28. Qxe2 f3 29. Qe3 Rxd3 30. Qxd3 Qg5+ 0-1

[Event "Tuimazy-ch"]
[Site "Tuimazy"]
[Date "2016.01.19"]
[Round "1"]
[White "Davletshin, Vener"]
[Black "Gabdrakhmanov, Kamil"]
[Result "1-0"]
[WhiteElo "1709"]
[BlackElo "1364"]
[PlyCount "83"]
[EventDate "2016.01.19"]
[EventType "tourn"]
[EventRounds "13"]
[EventCountry "RUS"]
[SourceTitle "CBM 170 Extra"]
[Source "ChessBase"]
[SourceDate "2016.02.25"]
[SourceVersion "1"]
[SourceVersionDate "2016.02.25"]
[SourceQuality "1"]

1. c4 c6 2. Nc3 Nf6 3. d4 d5 4. b3 Bf5 5. Nf3 e6 6. e3 Bb4 7. Bd2 Nbd7 8. Be2 0-0 9. 0-0 Rc8 10. a3 Bxc3 11. Bxc3 Ne4 12. Bb2 Bg6 13. c5 b6 14. b4 Rb8 15. cxb6 Qxb6 16. Rc1 a5 17. Ne5 Nxe5 18. dxe5 Ng5 19. Bd4 Qd8 20. Rxc6 axb4 21. axb4 Qd7 22. b5 f6 23. h4 fxe5 24. Bxe5 Ne4 25. Bxb8 Rxb8 26. Qd4 Nf6 27. Qe5 Re8 28. Rc7 Qd8 29. b6 Qb8 30. Qd4 Bf7 31. Rfc1 e5 32. Qc5 Be6 33. Bb5 Ne4 34. Qc6 Nf6 35. f3 h6 36. Qd6 Bf7 37. Bxe8 Nxe8 38. Qe7 Qxb6 39. Qxf7+ Kh7 40. Qf5+ Kh8 41. Rc8 Qxe3+ 42. Kh1 1-0